• 首页
  • 本馆介绍
  • 公告通知
  • 最新文献
  • 馆藏检索
  • 电子资源
  • 读者荐购
  • 参考咨询
  • CALIS
  • 我的图书馆
  • 登录
  • 详细信息显示
  • 放入我的书架
  • 预约/预借图书
  • 作者相关作品
  • 分类相关作品
  • 丛书相关作品
  • 出版社相关作品

书目信息

  • 表格格式
  • 工作单格式
  • 卡片格式
题名:
实用口才必备全书
    
 
作者: 东方言 编著
分册:  
出版信息: 北京   当代世界出版社  2004
页数: 12, 493页
开本: 21cm
丛书名:
单 册:
中图分类: H019
科图分类:
主题词: 口才学
电子资源:
ISBN: 7-80115-810-5
 
 
 
 
 
000 00752nam0 2200217 450
001 0141787801
005 20050609084546.84
010    @a7-80115-810-5@dCNY 29.80
100    @a20050408d2004 km y0chiy0120 ea
101 0  @achi
102    @aCN@b110000
105    @ay z 000yy
200 1  @a实用口才必备全书@Ashi yong kou cai bi bei quan shu@f东方言编著@Fdong fang yan bian zhu
210    @a北京@c当代世界出版社@d2004
215    @a12, 493页@d21cm
330    @a本书的内容力求丰富多彩,涵盖面广。它详细地告诉你有关不同形式交流所必须具备的口才基本功、口才表达基本原则,教会你循序渐进地提高自己的口才表达能力。
606 0  @a口才学
690    @aH019@v4
701  0 @a东方言@Adong fang yan@4编著
801  0 @aCN@bRULIN@c20050609
905    @a10447@dH019@eD660
    
    实用口才必备全书/东方言编著.-北京:当代世界出版社,2004
    12, 493页;21cm
    
    
    ISBN 7-80115-810-5:CNY 29.80
    本书的内容力求丰富多彩,涵盖面广。它详细地告诉你有关不同形式交流所必须具备的口才基本功、口才表达基本原则,教会你循序渐进地提高自己的口才表达能力。
●
相关链接 在E读中查询图书 在当当中查询图书 在豆瓣中查询图书


正题名:实用口才必备全书     索取号:H019/D660         预约/预借

序号 登录号 条形码 馆藏地/架位号 状态 备注
1 499914   204999145   语言库209/209语言库 63排1列2层/ [索取号:H019/D660] 在馆    
2 499915   204999154   语言库209/209语言库 63排1列2层/ [索取号:H019/D660] 在馆    
3 499916   204999163   语言库209/209语言库 63排1列2层/ [索取号:H019/D660] 在馆    
河南城建学院图书馆 欢迎您!
大连网信软件有限公司© 版权所有